ARRUPE JESUIT UNIVERSITY

CORONAVIRUS -STOP THE SPREAD - CLEAN,DISINFECT,COVER

Revisiting the idea of vocation : (Record no. 122052)

MARC details
000 -LEADER
fixed length control field 00922cam a2200289 a 4500
001 - CONTROL NUMBER
control field 4527846
003 - CONTROL NUMBER IDENTIFIER
control field ARRUPE
005 - DATE AND TIME OF LATEST TRANSACTION
control field 20150313174033.0
008 - FIXED-LENGTH DATA ELEMENTS--GENERAL INFORMATION
fixed length control field 040129s2004 dcu b 001 0 eng
010 ## - LIBRARY OF CONGRESS CONTROL NUMBER
LC control number 2003007838
020 ## - INTERNATIONAL STANDARD BOOK NUMBER
International Standard Book Number 0813213614 (pbk. : alk. paper)
035 ## - SYSTEM CONTROL NUMBER
System control number (OCoLC)52057609
035 ## - SYSTEM CONTROL NUMBER
System control number (OCoLC)ocm52057609
035 ## - SYSTEM CONTROL NUMBER
System control number (NNC)4527846
040 ## - CATALOGING SOURCE
Original cataloging agency DLC
Transcribing agency DLC
Modifying agency DLC
-- NNUT
042 ## - AUTHENTICATION CODE
Authentication code pcc
090 ## - LOCALLY ASSIGNED LC-TYPE CALL NUMBER (OCLC); LOCAL CALL NUMBER (OCLC)
Classification number (OCLC) (R) ; Classification number, CALL (RLIN) (NR) BX2380
Local cutter number (OCLC) ; Book number/undivided call number, CALL (RLIN) .R48 2003
300 ## - PHYSICAL DESCRIPTION
Dimensions 22 cm
245 00 - TITLE STATEMENT
Title Revisiting the idea of vocation :
Remainder of title theological explorations /
Statement of responsibility, etc edited by John C. Haughey
260 ## - PUBLICATION, DISTRIBUTION, ETC. (IMPRINT)
Place of publication, distribution, etc Washington, D.C. :
Name of publisher, distributor, etc Catholic University of America Press,
Date of publication, distribution, etc c2004
300 ## - PHYSICAL DESCRIPTION
Extent xiv, 249 p. ;
504 ## - BIBLIOGRAPHY, ETC. NOTE
Bibliography, etc Includes bibliographical references and indexes
650 #0 - SUBJECT ADDED ENTRY--TOPICAL TERM
Topical term or geographic name as entry element Vocation, Ecclesiastical.
9 (RLIN) 15141
650 #0 - SUBJECT ADDED ENTRY--TOPICAL TERM
Topical term or geographic name as entry element Vocation
General subdivision Catholic Church.
9 (RLIN) 15142
700 1# - ADDED ENTRY--PERSONAL NAME
Personal name Haughey, John C. (ed.)
9 (RLIN) 15143
942 ## - ADDED ENTRY ELEMENTS (KOHA)
Source of classification or shelving scheme Library of Congress Classification
Koha item type Monograph ( Printed materials)
Holdings
Withdrawn status Lost status Source of classification or shelving scheme Damaged status Not for loan Collection code Home library Current library Shelving location Date acquired Total Checkouts Full call number Barcode Date last seen Price effective from Koha item type
    Library of Congress Classification     Main Collection ARRUPE LIBRARY ARRUPE LIBRARY Main Collection 17/02/2015   BX2380.R48 2003 46500002943 22/11/2017 17/02/2015 Monograph ( Printed materials)

 

Arrupe Library. PO Box MP320 Mt Pleasant, Harare, Zimbabwe
263 242 745411|librarian@aju.ac.zw